| 000 | 00775nam a2200241 a 4500 | ||
|---|---|---|---|
| 008 | |||
| 020 | _a0521313643 (pbk.) | ||
| 090 | 0 | 1 | _aHG221 |
| 100 | 1 | _aGrandmont, Jean-Michel. | |
| 245 | 1 | 0 |
_aMoney and value : _ba reconsideration of classical and neoclassical monetary theories / _cJean-Michel Grandmont. |
| 260 |
_aCambridge : _bCambridge University Press, _c1983. |
||
| 300 |
_axii, 199 p. ; _c23 cm. |
||
| 440 | 0 | _aEconometric Society monographs in pure theory. | |
| 500 | _aIncludes index. | ||
| 504 | _aIncludeas bibliographical references. | ||
| 650 | 0 | _aMoney. | |
| 907 |
_a.b10122953 _b01-06-04 _c21-05-04 |
||
| 003 | |||
| 005 | 20230123133720.0 | ||
| 040 | _cNUST | ||
| 049 | _aMAIN | ||
| 942 |
_cBOOKS _kHG221 |
||
| 999 |
_c153387 _d153387 |
||